Sus escritos (Record no. 65464)
[ view plain ]
| 000 -LEADER | |
|---|---|
| campo de control de longitud fija | 01159nam a2200277 i 4500 |
| 001 - NÚMERO DE CONTROL | |
| campo de control | 65464 |
| 003 - IDENTIFICADOR DE NÚMERO DE CONTROL | |
| campo de control | ES-MaACL |
| 005 - FECHA Y HORA DE LA ÚLTIMA TRANSACCIÓN | |
| campo de control | 20250808000700.0 |
| 007 - CAMPO FIJO DE DESCRIPCIÓN FÍSICA--INFORMACIÓN GENERAL | |
| campo de control de longitud fija | t| |
| 008 - DATOS DE LONGITUD FIJA--INFORMACIÓN GENERAL | |
| campo de control de longitud fija | 040113s1945 sp f |||| | spa d |
| 100 0# - ENTRADA PRINCIPAL--NOMBRE DE PERSONA | |
| Nombre de persona | Francisco de Asís |
| Títulos y otros términos asociados al nombre | Santo. |
| 9 (RLIN) | 52189 |
| 245 10 - MENCIÓN DEL TÍTULO | |
| Título | Sus escritos |
| Resto del título | : Las florecillas / |
| Mención de responsabilidad, etc. | San Francisco de Asís. Biografías del Santo / por Celano, San Buenaventura y los tres compañeros. Espejo de Perfección ; edición preparada por los Padres Fray Juan R. de Legísima y Fray Lino Gómez Canedo. |
| 260 ## - PUBLICACIÓN, DISTRIBUCIÓN, ETC. | |
| Lugar de publicación, distribución, etc. | Madrid : |
| Nombre del editor, distribuidor, etc. | [Editorial Católica, |
| Fecha de publicación, distribución, etc. | 1945] ( |
| Fabricante | Orbe) |
| 300 ## - DESCRIPCIÓN FÍSICA | |
| Extensión | XLIV, 872, 16 lám. : |
| Otras características físicas | il. ; |
| Dimensiones | 20 cm. |
| 490 1# - MENCIÓN DE SERIE | |
| Mención de serie | Biblioteca de autores cristianos. Sección V ; |
| Designación de volumen o secuencia | 6 |
| 700 1# - ENTRADA AGREGADA--NOMBRE PERSONAL | |
| Nombre de persona | Celano, Tomás. |
| 9 (RLIN) | 139668 |
| 700 1# - ENTRADA AGREGADA--NOMBRE PERSONAL | |
| Nombre de persona | Buenaventura |
| Títulos y otros términos asociados al nombre | , Santo. |
| 9 (RLIN) | 32363 |
| 700 1# - ENTRADA AGREGADA--NOMBRE PERSONAL | |
| Nombre de persona | Legísima, Juan R. de. |
| 9 (RLIN) | 71282 |
| 700 1# - ENTRADA AGREGADA--NOMBRE PERSONAL | |
| Nombre de persona | Gómez Canedo, Lino, |
| Fechas asociadas al nombre | 1908-1990 |
| 9 (RLIN) | 57855 |
| 740 02 - ENTRADA AGREGADA--TÍTULO RELACIONADO/ANALÍTICO NO CONTROLADO | |
| Título relacionado o analítico no controlado | Biografías del santo. |
| 740 42 - ENTRADA AGREGADA--TÍTULO RELACIONADO/ANALÍTICO NO CONTROLADO | |
| Título relacionado o analítico no controlado | Las florecillas. |
| 740 02 - ENTRADA AGREGADA--TÍTULO RELACIONADO/ANALÍTICO NO CONTROLADO | |
| Título relacionado o analítico no controlado | Espejo de perfección. |
| 830 00 - PUNTO DE ACCESO ADICIONAL DE SERIE-TÍTULO UNIFORME | |
| Título uniforme | Biblioteca de autores cristianos. |
| Nombre de parte o sección de la obra | Historia y hagiografía |
| Designación de volumen o secuencia | 6 |
| 9 (RLIN) | 223165 |
| 852 ## - LOCALIZACIÓN | |
| Ubicación | ES-MaACL |
| Número de control de estantería | F-16288 |
| Estatus retirado | Estado de pérdida | Estado de daño | No para préstamo | Biblioteca de origen | Biblioteca actual | Ubicación en estantería | Fecha de adquisición | Fuente de adquisición | Total de préstamos | Signatura topográfica completa | Código de barras | Visto por última vez | Precio de reemplazo | Tipo de ítem Koha |
|---|---|---|---|---|---|---|---|---|---|---|---|---|---|---|
| Biblioteca del Ateneo de Madrid | Biblioteca del Ateneo de Madrid | Sala Pecera Planta 2 | 17/01/2008 | F-16288 | 1068588 | 23/02/2023 | 23/02/2023 | Libro impreso |
